Ritter Lean - Berlin Boujee (Lyrics) - Statistiken

Allgemein
  • Dieses Quiz wurde 10 mal gespielt
  • Das Durchschnittsergebnis liegt bei 205 aus 277
Antwortstatistiken
Antwort % Korrekt
Acht
100%
alle
100%
Alle
100%
auf
100%
Berlin
100%
da
100%
dich
100%
Zieh
100%
drauf
100%
Du
100%
du
100%
es
100%
G
100%
gesagt
100%
hat
100%
im
100%
immer
100%
in
100%
Mama
100%
nach
100%
nicht
100%
nimm
100%
pass
100%
sind
100%
wo
100%
Wo
100%
Zieh
100%
dein
86%
Deine
86%
deine
86%
den'
86%
gemacht
86%
hast
86%
ich
86%
Ich
86%
is
86%
ist
86%
lieb
86%
mit
86%
so
86%
So
86%
und
86%
Und
86%
Wie
86%
als
71%
denn
71%
Freunde
71%
geh
71%
Grafik
71%
irgendwas
71%
jetzt
71%
oder
71%
sie
71%
studierst
71%
trägst
71%
was
71%
weil
71%
wichtig
71%
wohnst
71%
befreundet
57%
Bielefeld
57%
bisschen
57%
bist
57%
Boujee
57%
brauchst
57%
das
57%
Decken
57%
dem
57%
dieser
57%
Dir
57%
dir
57%
DJ
57%
egal
57%
ein
57%
er
57%
fame
57%
fickst
57%
Freundin
57%
fühlst
57%
hab
57%
hoch
57%
Ih
57%
ihm
57%
ihn
57%
ja
57%
labern
57%
mal
57%
Mal
57%
mehr
57%
mein'
57%
meine
57%
mies
57%
mir
57%
nie
57%
nur
57%
rauchst
57%
richtig
57%
schreist
57%
Sex
57%
Sie's
57%
tun
57%
Typ
57%
weiß
57%
wenn
57%
wert
57%
wir
57%
aber
43%
dass
43%
Hain
43%
doch
43%
down
43%
fragen
43%
fragt
43%
gehen
43%
geht
43%
Hain
43%
hier
43%
Hoe
43%
ihh
43%
ins
43%
keiner
43%
mich
43%
ne
43%
Papa
43%
postest
43%
Prada
43%
soll's
43%
traurig
43%
versteht?
43%
vertraust
43%
viel
43%
wieder
43%
wie's
43%
zahlt
43%
zu
43%
an
29%
Beim
29%
Dann
29%
denkst
29%
Ecstasy
29%
ey
29%
gerad'
29%
habt
29%
Hauptsache
29%
ihr
29%
letzten
29%
Leuten
29%
lost
29%
noch
29%
Ring
29%
ruf
29%
schon
29%
Sonntagnacht
29%
vintage
29%
weinst
29%
Keine übereinstimmenden Quizze gefunden
Verteilung der Resultate
Anzahl Personen mit jedem Resultat
Perzentil nach korrekt beantworteten Fragen
Ihre Resultats-Entwicklung
Sie haben dieses Quiz noch nicht gespielt